000 00315nam a22001457a 4500
008 210312b ||||| |||| 00| 0 eng d
020 _a9781305313347
041 _aeng
080 _a338
082 _a338
100 _a53
101 _aMEN
245 _aUnderstanding Management
_cMoeller, J
942 _2udc
_cBK
999 _c56505
_d56505